000 00791nam a2200265Ia 4500
003 OSt
005 20220918214242.0
006 a|||||r|||| 00| 0
007 ta
008 220917b |||||||| |||| 00| 0 eng d
024 _a136,489
037 _cTextual
040 _aARTS
_cARTS
_beng
041 _2eng
_aeng
082 _aX9B,8(F531), M0
100 _aSuresh Chand
_9130425
245 0 _aFood processing industries
_b Bakery confectionay and food products industry
260 _aDelhi
_bSmall Scale industry research Institute
_c1980
300 _a232p.
_ccm.
490 _aSmall scale industries; 17
650 _aECONOMICS
700 _a Sudhir Kumar
_9130426
942 _hX9B,8(F531), M0
_cTEXL
_2CC
999 _c259579
_d259579